Zgadniesz jakie to państwo 1# - Statystyki

Ogólne statystyki
  • Ten quiz został rozwiązany 13 razy
  • Średni wynik to 4 z 8
Statystyki odpowiedzi
Obrazkowy Odpowiedź % Poprawnych
Indie
78%
Azerbejdżan
56%
Sudan
56%
Uzbekistan
56%
Filipiny
44%
Arabia Saudyjska
33%
RPA/Republika południowej Afryki/Południowa Afryka
33%
Malawi
22%
Nie znaleziono quizów pasujących do podanych kryteriów
Rozkład punktacji
Procent ludzi z każdym wynikiem
Percentyl według liczby udzielonych odpowiedzi
Twoja historia wyników
Nie rozwiązałeś tego quizu